| 000 | 00724cam a22002172 4500 | ||
|---|---|---|---|
| 001 | 0000024131 | ||
| 005 | 20151021151149.0 | ||
| 008 | 130613s xx 000 0 eng d | ||
| 020 | _a0070700893 : | ||
| 040 |
_aKABU _cKABU |
||
| 245 | 1 | 0 |
_aOperations and supply management / _c Richard B. Chase ... [et al.]. |
| 250 | _a12th ed. | ||
| 260 |
_aNew Delhi : _bTata McGraw-Hill, _c2010. |
||
| 300 |
_axxv, 914 p. + _e1 CD-ROM. |
||
| 650 | 0 |
_aProduction management. _@0000155181 |
|
| 700 | 1 |
_aChase, Richard B. _@0000156485 |
|
| 852 | 1 | _9p1890 KES | |
| 852 | 1 | _9p1890 KES | |
| 908 | _a130613 | ||
| 950 | _@1 | ||
| 999 |
_c1375 _d1375 |
||